Giáo trình luật hình sự Việt Nam : Phần các tội phạm Quyển 2
Sách đề cập về các tội xâm phạm an ninh quốc gia, các tội xâm phạm tính mạng, sức khỏe, nhân phẩm, danh dự của con người, các tội xâm phạm quyền tự do của con người, quyền tự do dân chủ của công dân, .......
Gorde:
| Egile nagusia: | |
|---|---|
| Beste egile batzuk: | , |
| Formatua: | Liburua |
| Hizkuntza: | Vietnamese |
| Argitaratua: |
H.
Công an nhân dân
2021
|
| Edizioa: | In lần thứ 22 có sửa đổi, bổ sung |
| Gaiak: | |
| Etiketak: |
Etiketa erantsi
Etiketarik gabe, Izan zaitez lehena erregistro honi etiketa jartzen!
|
| Thư viện lưu trữ: | Thư viện Trường Đại học Nam Cần Thơ |
|---|
| LEADER | 01747nam a22002657a 4500 | ||
|---|---|---|---|
| 001 | NCT_141368 | ||
| 008 | 190813b xxu||||| |||| 00| 0 vie d | ||
| 999 | |c 7280 |d 7280 | ||
| 020 | |a 9786047250189 |c 53000 | ||
| 082 | 0 | 4 | |2 23rd ed. |a 345.59703 |b H401/Q.1 |
| 100 | 1 | |a Nguyễn Ngọc Hòa |e chủ biên | |
| 245 | 1 | 0 | |a Giáo trình luật hình sự Việt Nam : |b Phần các tội phạm |n Quyển 2 |c Nguyễn Ngọc Hòa (chủ biên) ; Phạm Bích Học, Dương Tuyết Miên |
| 250 | |a In lần thứ 22 có sửa đổi, bổ sung | ||
| 260 | |a H. |b Công an nhân dân |c 2021 | ||
| 300 | |a 406 tr. |c 21cm | ||
| 500 | |a ĐTTS ghi:Trường Đại học Luật Hà Nội | ||
| 520 | 3 | |a Sách đề cập về các tội xâm phạm an ninh quốc gia, các tội xâm phạm tính mạng, sức khỏe, nhân phẩm, danh dự của con người, các tội xâm phạm quyền tự do của con người, quyền tự do dân chủ của công dân, .... | |
| 653 | |a Luật học | ||
| 700 | 1 | |a Phạm Bích Học | |
| 700 | 1 | |a Dương Tuyết Miên | |
| 942 | |2 ddc |c BK | ||
| 952 | |0 0 |1 0 |2 ddc |4 0 |6 345_597030000000000_H401_Q_2 |7 0 |9 26200 |a 000001 |b 000001 |d 2022-09-17 |l 1 |o 345.59703 H401/Q.2 |p MD.20659 |r 2023-03-03 |s 2023-02-23 |v 53000.00 |w 2022-09-17 |y BK | ||
| 952 | |0 0 |1 0 |2 ddc |4 0 |6 345_597030000000000_H401_Q_2 |7 0 |9 26201 |a 000001 |b 000001 |d 2022-09-17 |o 345.59703 H401/Q.2 |p MD.20660 |r 2022-09-17 |v 53000.00 |w 2022-09-17 |y BK | ||
| 952 | |0 0 |1 0 |2 ddc |4 0 |6 345_597030000000000_H401_Q_2 |7 0 |9 26202 |a 000001 |b 000001 |d 2022-09-17 |o 345.59703 H401/Q.2 |p MD.20661 |r 2022-09-17 |v 53000.00 |w 2022-09-17 |y BK | ||
| 980 | |a Thư viện Trường Đại học Nam Cần Thơ | ||


